Central Library OPAC University of Rajshahi
Normal view MARC view

Entry Topical Term

Number of records used in: 2

001 - CONTROL NUMBER

  • control field: 16078

003 - CONTROL NUMBER IDENTIFIER

  • control field: BD-RjUL

005 - DATE AND TIME OF LATEST TRANSACTION

  • control field: 20250717111653.0

008 - FIXED-LENGTH DATA ELEMENTS

  • fixed length control field: 250717|| aca||aabn | a|a d

040 ## - CATALOGING SOURCE

  • Original cataloging agency: BD-RjUL
  • Transcribing agency: BD-RjUL

150 ## - HEADING--TOPICAL TERM

  • Topical term or geographic name entry element: Urdu Languge

670 ## - SOURCE DATA FOUND

  • Source citation: Work cat.: (BD-RjUL)85227: حسن رضوی، سید محمد ;; Hasan Rizvi, Syed Mohammad 16077, لسانیات اور اردو ;; lasaniyat or urdu / , 1962